000 00681nam a2200193Ia 4500
003 GCL
008 140319s9999 xx 000 0 ara d
040 _aGCL /
_cGCL
082 0 4 _a613.7
_bف ن
100 1 _aفير نوس، باسكال
245 1 0 _aنظرة فى مستقبل البشرية: قضايا لاتحتمل الأنتظار /
_cفير نوس، باسكال
700 1 _aقيديريكو مايورثاراجوثا
700 1 _aمحمد على مكى
260 _a[S.N] :
_bالجمعية المصرية لنشر المعرفة والثقافةوالعلوم ،
_c1987
300 _a414 ص
490 _a
650 0 4 _aصحة البيئة
942 _2ddc
_cBK
999 _c32611
_d32611